000 02218cam a22004814i 4500
003 PE-LiUPU
005 20250731173422.0
008 150706s2011 xxu r 000 0 spa d
020 _a9781414363486
035 _a(Sirsi) i9781414363486
040 _aPE-LiUPU
_bspa
_cPE-LiUPU
_erda
049 _aPRUA
082 0 4 _a248.47
_bG81
_221
100 1 _aGregory, Susan,
_eautor.
245 1 3 _aEl ayuno de Daniel :
_bfortalezca su espíritu, alimente su alma y renueve su cuerpo /
_cSusan Geregory.
264 1 _aCarol Stream, Illinois :
_bTyndale House Publishers,
_c2011.
300 _a307 páginas ;
_c21 centímetros
336 _atext
_2rdacontent
337 _aunmediated
_2rdamedia
338 _avolume
_2rdacarrier
505 0 _a¿Quién es la bloguera del ayuno de Daniel? -- Desempolvemos una antigua disciplina espiritual -- Daniel: determinado a vivir para Dios en territorio enemigo -- El ayuno de Daniel para el cuerpo, el alma y el espíritu -- Cinco pasos para el ayuno de Daniel eficaz -- Lista de alimentos del ayuno de Daniel -- Recetas para el ayuno de Daniel -- Menús del ayuno de Daniel -- Devocional de veintiún días para el ayuno de Daniel -- Preguntas frecuentes -- Acerca de la autora -- Reconocimientos -- Notas -- Índice de recetas del ayuno de Daniel.
526 _aSEG42
526 _aSEG41
526 _aSEG40
526 _aSEG39
526 _aP94
526 _aP87
526 _aP86
526 _aP85
526 _aP77
526 _aP76
526 _aP35
541 _g001-0000593;
600 1 _aDaniel (Personaje bíblico).
650 1 4 _aAyuno
_xCristianismo.
700 1 _aUrízar de Ramírez, Mayra,
_etraductor.
910 _agl
_bjv
_clch
_d20121004
942 _2ddc
_cBOOK
949 _a248.47 G81
_wDEWEY
_c1
_i65435
_lCCODEBUL1
_mBUL
_p25.00
_r0
_sY
_tBOOK
_u2015-7-6
_xTEOLOGIA
_PP35
_o.STAFF. Colección General
994 _aC0
_bPEPRU
596 _a1
999 _a248.47 G81
_wDEWEY
_c53940
_i65435
_d53940
_e2017-3-26
_f2021-11-10
_g5
_lCCODEBUL1
_mBUL
_n7
_p25.00
_r0
_sY
_tBOOK
_u2015-7-6
_xTEOLOGIA
_PP35
_0COMPRA
_o.STAFF. Colección Teología
980 _81
_gALBERTO SANCHEZ Responsable de Automatización